000
00303nam a2200133Ia 4500
100
_a
Nandini K Jog
942
_c
BK
654
_a
logic
245
_a
Logic circuits and digital design wiith experiements
260
_b
Suneeti Jog
_c
2003
082
_a
621.29
_b
NAN
300
_a
445
546
_a
ENGLISH
999
_c
22983
_d
22983